Word Ladder: European Capital Quiz Stats

 Plays Quiz Updated Jul 28, 2016

Challenge
Share
Tweet
Embed
Score 0/12 Timer 01:00
5 Plays Today
Hint 3-Letter Words % Correct
Writing instrument; can be ball-pointed┼PEN┼
95.6%
Round and deep container used to cook foodPOT
93.4%
Cheerful; gleeful or homosexualGAY
92.3%
Grass found in bales┼HAY┼
92.1%
American gothic author known for 'The Raven'POE
91.8%
Domesticated animal kept as a companionPET
90.6%
Informal greeting, or used to attract attentionHEY
90.4%
The female of any birdHEN
90.1%
A jelly-like substance applied to the hair for styling purposesGEL
87.5%
A girl or womanGAL
86.2%
Americans born in the 1960s-1970s: ___ X┼GEN┼
74.5%
Two-time gold medal winner (1980 &'84) for 1500 metres Sebastian ___┼COE┼
60.6%

Today's Daily Dose

Quick Pick
The Muppets

On This Day
December 19th II

You're not logged in!

Compare scores with friends on all Sporcle quizzes.
OR
Log In

You Might Also Like...

Show Comments

Extras

Top Quizzes Today


Score Distribution

Your Account Isn't Verified!

In order to create a playlist on Sporcle, you need to verify the email address you used during registration. Go to your Sporcle Settings to finish the process.

Report this User

Report this user for behavior that violates our Community Guidelines.

Details: